[Event "IRT. X OPEN FERIA DE CALI Grup"]
[Site "Cali (Col) Unidad Panamericana"]
[Date "2008.12.27"]
[Round "3"]
[Board "1"]
[White "Pazos Gambarrotti, Plinio"]
[Black "Buitrago, Juan Carlos"]
[Result "1/2-1/2"]
[WhiteElo "2327"]
[BlackElo "2169"]
[PlyCount "81"]
[EventDate "2008.12.26"]
[EventRounds "9"]
[EventCountry "COL"]

1.e4 e5 2.Nf3 Nc6 3.d4 exd4 4.Nxd4 Nf6 5.Nxc6 bxc6 6.e5 Qe7 7.Qe2 Nd5 8.c4 Ba6
9.Qe4 Nf6 10.Qe2 Nd5 11.g3 g6 12.Bg2 Bg7 13.O-O O-O 14.Nd2 Nb6 15.Re1 Rae8 16.f4
f6 17.e6 d5 18.Qf2 f5 19.cxd5 cxd5 20.Nb3 Qf6 21.Re5 Nc4 22.Rxd5 Qxe6 23.Rd1 Qe2
24.Qxe2 Rxe2 25.Nc5 Nxb2 26.Bxb2 Bxb2 27.Nxa6 Bxa1 28.Rxa1 Rd8 29.Bf1 Rc2 30.Nb4
Rb2 31.Nd3 Rd2 32.Ne5 Rd1 33.Rxd1 Rxd1 34.Nc4 Ra1 35.a3 Kf7 36.Kf2 Ke6 37.Bg2
Ra2+ 38.Kg1 Ra1+ 39.Kf2 Ra2+ 40.Kg1 Ra1+ 41.Kf2

[Event "IRT. X OPEN FERIA DE CALI Grup"]
[Site "Cali (Col) Unidad Panamericana"]
[Date "2008.12.27"]
[Round "3"]
[Board "1"]
[White "Plazas, Alfonso"]
[Black "Munoz, Jhon Edison"]
[Result "0-1"]
[WhiteElo "2025"]
[BlackElo "2186"]
[PlyCount "88"]
[EventDate "2008.12.26"]
[EventRounds "9"]
[EventCountry "COL"]

1.e4 g6 2.d4 Bg7 3.c4 c5 4.d5 d6 5.Nc3 Nf6 6.Nf3 O-O 7.Be2 e6 8.dxe6 Bxe6 9.Bf4
Qb6 10.Qb3 Qc6 11.Qb5 Nxe4 12.Qxc6 Bxc3+ 13.bxc3 Nxc6 14.Rc1 Rad8 15.Ng5 Nxg5
16.Bxg5 f6 17.Bh6 Rfe8 18.O-O Na5 19.Rfe1 Bxc4 20.Bf1 Bxf1 21.Kxf1 Kf7 22.Bf4
Nc4 23.h4 Rxe1+ 24.Rxe1 Re8 25.Rd1 Re6 26.g3 Ke7 27.Rd5 Kd7 28.Rd1 Re4 29.Rd5
Kc6 30.Rd1 d5 31.Bh6 b5 32.Bg7 Re6 33.Bh6 a5 34.Bf4 b4 35.cxb4 axb4 36.Rd3 d4
37.Bh6 Kd5 38.Rf3 Ra6 39.Kg2 f5 40.g4 Ne5 41.Rf4 Nxg4 42.Kg3 Rxa2 43.f3 Ne3
44.h5 Nf1+

[Event "IRT. X OPEN FERIA DE CALI Grup"]
[Site "Cali (Col) Unidad Panamericana"]
[Date "2008.12.27"]
[Round "3"]
[Board "1"]
[White "Narvaez, Zamir"]
[Black "Arenas, David"]
[Result "1-0"]
[WhiteElo "2111"]
[BlackElo "2323"]
[PlyCount "39"]
[EventDate "2008.12.26"]
[EventRounds "9"]
[EventCountry "COL"]

1.e4 c5 2.Nf3 d6 3.d4 cxd4 4.Nxd4 Nf6 5.Nc3 a6 6.Be2 e6 7.O-O Be7 8.Be3 Qc7 9.f4
b5 10.Bf3 Bb7 11.e5 dxe5 12.Bxb7 Qxb7 13.fxe5 Nd5 14.Qf3 O-O 15.Nf5 Bb4 16.Nxg7
Kxg7 17.Nxd5 Qxd5 18.Bh6+ Kxh6 19.Qf6+ Kh5 20.g4+

[Event "IRT. X OPEN FERIA DE CALI Grup"]
[Site "Cali (Col) Unidad Panamericana"]
[Date "2008.12.27"]
[Round "3"]
[Board "1"]
[White "Salazar, Aura Cristina"]
[Black "Polo, Victor Ramon"]
[Result "1/2-1/2"]
[WhiteElo "2016"]
[BlackElo "2216"]
[PlyCount "109"]
[EventDate "2008.12.26"]
[EventRounds "9"]
[EventCountry "COL"]

1.e4 c5 2.Nf3 Nc6 3.d4 cxd4 4.Nxd4 g6 5.Nc3 Bg7 6.Be3 Nf6 7.Bc4 Qa5 8.Nxc6 bxc6
9.f3 d6 10.O-O Be6 11.Bxe6 fxe6 12.Qd2 O-O 13.Rab1 Nd7 14.b4 Qc7 15.Bh6 Ne5
16.Bxg7 Kxg7 17.Qg5 Nf7 18.Qg3 Rab8 19.f4 a5 20.bxa5 Qxa5 21.a4 d5 22.Rxb8 Qa7+
23.Kh1 Qxb8 24.Qe3 Qb4 25.Rb1 Qc4 26.exd5 exd5 27.Rd1 Re8 28.Qd4+ Qxd4 29.Rxd4
e5 30.fxe5 Rxe5 31.Kg1 Re1+ 32.Kf2 Rc1 33.Rd2 Nd6 34.Ne2 Ne4+ 35.Ke3 Ra1 36.Rd4
Ra3+ 37.Kf4 Nc5 38.Ke5 Re3+ 39.Kd6 Ne4+ 40.Kxc6 Rxe2 41.Kxd5 Nc3+ 42.Kc4 Nxa4
43.Kd3 Rxg2 44.Rxa4 Rxh2 45.c4 h5 46.c5 Rh3+ 47.Kd2 Rf3 48.c6 Rf8 49.c7 Rc8
50.Rc4 Kf6 51.Ke3 Ke6 52.Rc6+ Kf5 53.Kf3 g5 54.Rc5+ Kf6 55.Rc6+

[Event "IRT. X OPEN FERIA DE CALI Grup"]
[Site "Cali (Col) Unidad Panamericana"]
[Date "2008.12.27"]
[Round "3"]
[Board "1"]
[White "Alvarez, Javier"]
[Black "Vargas, Mauricio"]
[Result "1-0"]
[WhiteElo "2144"]
[BlackElo "1965"]
[PlyCount "57"]
[EventDate "2008.12.26"]
[EventRounds "9"]
[EventCountry "COL"]

1.e4 c5 2.Nf3 d6 3.d4 cxd4 4.Nxd4 Nf6 5.Nc3 a6 6.Bg5 e6 7.f4 Be7 8.Qf3 Qc7
9.O-O-O h6 10.Bh4 Nbd7 11.g4 g5 12.e5 dxe5 13.fxg5 hxg5 14.Bg3 Qb6 15.Nb3 Qb4
16.Be2 e4 17.Qe3 Nc5 18.Qxg5 Rg8 19.Qe5 Ncd7 20.Qd4 Nxg4 21.Nxe4 Qxd4 22.Nxd4
Nge5 23.Rhf1 Rh8 24.Kb1 b5 25.Bxb5 axb5 26.Nxb5 Bd8 27.Ned6+ Ke7 28.Rde1 Rh5
29.Bxe5

[Event "IRT. X OPEN FERIA DE CALI Grup"]
[Site "Cali (Col) Unidad Panamericana"]
[Date "2008.12.27"]
[Round "3"]
[Board "1"]
[White "Ospina Loaiza, Jhonny"]
[Black "Barreiro, Frank"]
[Result "1/2-1/2"]
[WhiteElo "2097"]
[BlackElo "2084"]
[PlyCount "52"]
[EventDate "2008.12.26"]
[EventRounds "9"]
[EventCountry "COL"]

1.e4 e5 2.f4 d5 3.exd5 e4 4.d3 Nf6 5.dxe4 Nxe4 6.Nf3 Bc5 7.Qe2 Bf2+ 8.Kd1 Qxd5+
9.Nfd2 f5 10.Nc3 Qd4 11.Ncxe4 fxe4 12.Qxe4+ Qxe4 13.Nxe4 Bb6 14.c3 Nc6 15.Bd3
Bg4+ 16.Kc2 O-O-O 17.h3 Rxd3 18.Kxd3 Rd8+ 19.Kc2 Bf5 20.Re1 Re8 21.Kd3 Rd8+
22.Kc2 Re8 23.Kd3 Rd8+ 24.Kc2 Re8 25.Kd3 Rd8+ 26.Kc2 Re8

[Event "IRT. X OPEN FERIA DE CALI Grup"]
[Site "Cali (Col) Unidad Panamericana"]
[Date "2008.12.27"]
[Round "4"]
[Board "1"]
[White "Munoz, Jhon Edison"]
[Black "Castro, Oscar H"]
[Result "0-1"]
[WhiteElo "2186"]
[BlackElo "2395"]
[PlyCount "92"]
[EventDate "2008.12.26"]
[EventRounds "9"]
[EventCountry "COL"]

1.d4 f5 2.g3 Nf6 3.Bg2 e6 4.Nh3 c5 5.c4 cxd4 6.Qxd4 Nc6 7.Qd1 Bc5 8.O-O d6 9.Nc3
O-O 10.Nf4 e5 11.Nfd5 Nxd5 12.Nxd5 f4 13.gxf4 Qh4 14.b4 Bd4 15.Rb1 exf4 16.Bxf4
Rxf4 17.Nxf4 Be5 18.Qd5+ Kh8 19.e3 Bf5 20.Qf7 Bxb1 21.Rxb1 g5 22.Qh5 Bxf4
23.Qxh4 gxh4 24.exf4 Rf8 25.b5 Na5 26.Bd5 Rxf4 27.Rc1 Rd4 28.Rc3 Kg7 29.Kf1 Rd2
30.Ra3 b6 31.Rf3 Kg6 32.a4 Rd4 33.Rc3 Rd1+ 34.Ke2 Ra1 35.Kf3 h5 36.Ke4 Rxa4
37.Kd4 Ra2 38.Rf3 Re2 39.h3 Re7 40.Rf8 Nb3+ 41.Kc3 Nc5 42.Rd8 Re2 43.Rf8 Ra2
44.Rf3 Ra3+ 45.Kd4 Ne6+ 46.Ke4 Ng5+

[Event "IRT. X OPEN FERIA DE CALI Grup"]
[Site "Cali (Col) Unidad Panamericana"]
[Date "2008.12.27"]
[Round "4"]
[Board "1"]
[White "Vittorino, Carlo"]
[Black "Alvarez, Javier"]
[Result "1/2-1/2"]
[WhiteElo "2343"]
[BlackElo "2144"]
[PlyCount "20"]
[EventDate "2008.12.26"]
[EventRounds "9"]
[EventCountry "COL"]

1.d4 Nf6 2.c4 g6 3.Nc3 Bg7 4.e4 d6 5.Nf3 O-O 6.h3 e5 7.Bg5 a5 8.Nd2 Na6 9.Be2
Qe8 10.g4 Nd7

[Event "IRT. X OPEN FERIA DE CALI Grup"]
[Site "Cali (Col) Unidad Panamericana"]
[Date "2008.12.27"]
[Round "4"]
[Board "1"]
[White "Buitrago, Juan Carlos"]
[Black "Remicio Duque, John H"]
[Result "0-1"]
[WhiteElo "2169"]
[BlackElo "2216"]
[PlyCount "94"]
[EventDate "2008.12.26"]
[EventRounds "9"]
[EventCountry "COL"]

1.d4 d5 2.c4 c6 3.Nc3 Nf6 4.e3 e6 5.Nf3 Nbd7 6.Bd3 dxc4 7.Bxc4 b5 8.Bd3 Bb7
9.O-O a6 10.e4 c5 11.d5 Qc7 12.Bc2 c4 13.dxe6 fxe6 14.Ng5 Qc6 15.Qe2 Bc5 16.Nd5
O-O 17.Nxf6+ Rxf6 18.Be3 Raf8 19.Rad1 Bxe3 20.Qxe3 h6 21.Nf3 e5 22.Rd2 Rd6
23.Rxd6 Qxd6 24.Rd1 Qc7 25.Nh4 Nf6 26.f3 Rd8 27.Rxd8+ Qxd8 28.Nf5 Bc8 29.Kf2
Bxf5 30.exf5 Qd4 31.Qxd4 exd4 32.Be4 Nd7 33.Ke2 Kf7 34.g4 Kf6 35.h4 Nc5 36.Kd2
Ke5 37.g5 hxg5 38.hxg5 b4 39.g6 a5 40.Kc2 Nd7 41.Bc6 Nf6 42.Be4 Ne8 43.b3 c3
44.Kd3 Nd6 45.f4+ Kxf4 46.f6 Nxe4 47.f7 Nc5+

[Event "IRT. X OPEN FERIA DE CALI Grup"]
[Site "Cali (Col) Unidad Panamericana"]
[Date "2008.12.27"]
[Round "4"]
[Board "1"]
[White "Gonzalez, Juan Manuel"]
[Black "Sanchez, Victor Hugo"]
[Result "0-1"]
[WhiteElo "2111"]
[BlackElo "2170"]
[PlyCount "26"]
[EventDate "2008.12.26"]
[EventRounds "9"]
[EventCountry "COL"]

1.d4 Nf6 2.Nf3 g6 3.Bf4 Bg7 4.e3 d6 5.h3 O-O 6.Be2 Nfd7 7.Nc3 c5 8.O-O Nc6 9.Qd2
a6 10.Rad1 b5 11.a4 b4 12.Ne4 Qa5 13.dxc5 Nxc5

[Event "IRT. X OPEN FERIA DE CALI Grup"]
[Site "Cali (Col) Unidad Panamericana"]
[Date "2008.12.27"]
[Round "4"]
[Board "1"]
[White "Bassan, Remo"]
[Black "Narvaez, Zamir"]
[Result "1-0"]
[WhiteElo "2179"]
[BlackElo "2111"]
[PlyCount "109"]
[EventDate "2008.12.26"]
[EventRounds "9"]
[EventCountry "COL"]

1.e4 c5 2.Nc3 Nc6 3.Nge2 Nf6 4.g3 e5 5.Bg2 d6 6.d3 Nd4 7.h3 Be7 8.Bg5 Be6 9.f4
exf4 10.Nxf4 O-O 11.O-O h6 12.Nxe6 Nxe6 13.Be3 Nd7 14.Nd5 Bg5 15.Bf2 Nb6 16.h4
Be7 17.Ne3 Bf6 18.c3 g6 19.Ng4 Bg7 20.Be3 Kh7 21.Qb3 Rb8 22.Rad1 Nd7 23.d4 Qe7
24.dxc5 Nexc5 25.Qd5 Ne5 26.Qxd6 Qxd6 27.Rxd6 b6 28.Nf6+ Kh8 29.Bd4 Nc4 30.Rc6
Nxb2 31.Bxc5 bxc5 32.Rxc5 Rfc8 33.Rxc8+ Rxc8 34.Nd5 Na4 35.Rxf7 Nxc3 36.Ne7 Re8
37.e5 g5 38.e6 Bd4+ 39.Kf1 Rb8 40.Bb7 Re8 41.h5 Bc5 42.Ng6+ Kg8 43.Rc7 Bd4
44.Bc8 Nd5 45.Rc1 Nb6 46.Bd7 Rb8 47.Bc6 Bf6 48.e7 Kf7 49.e8=Q+ Rxe8 50.Bxe8+
Kxe8 51.Rc7 a5 52.Rc6 Bd4 53.Ke2 Kd7 54.Ne5+ Ke7 55.Nf3

[Event "IRT. X OPEN FERIA DE CALI Grup"]
[Site "Cali (Col) Unidad Panamericana"]
[Date "2008.12.27"]
[Round "4"]
[Board "1"]
[White "Polo, Victor Ramon"]
[Black "Plazas, Alfonso"]
[Result "1/2-1/2"]
[WhiteElo "2216"]
[BlackElo "2025"]
[PlyCount "37"]
[EventDate "2008.12.26"]
[EventRounds "9"]
[EventCountry "COL"]

1.d4 d6 2.e4 g6 3.Nc3 Bg7 4.Be3 Nd7 5.Nf3 e5 6.Qd2 Ngf6 7.dxe5 dxe5 8.Bh6 O-O
9.Bxg7 Kxg7 10.O-O-O Qe7 11.Bc4 Nb6 12.Bb3 c6 13.Rhe1 Bg4 14.Qd6 Rfe8 15.Re3
Rad8 16.Qxe7 Rxd1+ 17.Nxd1 Rxe7 18.Nd2 Be6 19.f3

[Event "IRT. X OPEN FERIA DE CALI Grup"]
[Site "Cali (Col) Unidad Panamericana"]
[Date "2008.12.27"]
[Round "4"]
[Board "1"]
[White "Herrera, Juan Sebastian"]
[Black "Parada, Norberto Andres"]
[Result "0-1"]
[WhiteElo "2109"]
[BlackElo "2114"]
[PlyCount "84"]
[EventDate "2008.12.26"]
[EventRounds "9"]
[EventCountry "COL"]

1.e4 e6 2.d4 d5 3.Nd2 Nf6 4.e5 Nfd7 5.Bd3 c5 6.c3 Nc6 7.Ngf3 cxd4 8.cxd4 Be7
9.O-O O-O 10.a3 f5 11.b4 Nb6 12.Nb3 Bd7 13.b5 Nb8 14.a4 a6 15.a5 Nc4 16.b6 Bb5
17.Qe2 Nc6 18.Nfd2 Nxd2 19.Bxd2 Bxd3 20.Qxd3 Rc8 21.Rac1 Qd7 22.Nc5 Bxc5 23.Rxc5
Nxe5 24.Qe2 Rxc5 25.dxc5 Nc6 26.f4 Re8 27.Re1 e5 28.fxe5 Rxe5 29.Qf2 Qe6 30.h3
d4 31.Rxe5 Qxe5 32.Qe1 Qxe1+ 33.Bxe1 Kf7 34.Kf2 Ke6 35.Kf3 Ne5+ 36.Ke2 Kd5
37.Bg3 Nc6 38.Kf3 Nxa5 39.Kf4 Ke6 40.Bf2 Nc6 41.g4 fxg4 42.hxg4 Kd5

[Event "IRT. X OPEN FERIA DE CALI Grup"]
[Site "Cali (Col) Unidad Panamericana"]
[Date "2008.12.27"]
[Round "4"]
[Board "1"]
[White "Barreiro, Frank"]
[Black "Mateus, Martha"]
[Result "0-1"]
[WhiteElo "2084"]
[BlackElo "2138"]
[PlyCount "114"]
[EventDate "2008.12.26"]
[EventRounds "9"]
[EventCountry "COL"]

1.Nf3 c5 2.c4 Nc6 3.Nc3 Nf6 4.d4 cxd4 5.Nxd4 d6 6.e4 g6 7.Be2 Bg7 8.Be3 O-O
9.O-O Bd7 10.Qd2 a6 11.f3 Nxd4 12.Bxd4 Qa5 13.Rfd1 Rfc8 14.Nd5 Qxd2 15.Nxf6+
Bxf6 16.Rxd2 Bxd4+ 17.Rxd4 Rc7 18.Kf2 Rac8 19.Ke3 Kf8 20.Rad1 Be6 21.b3 Rc5
22.R1d2 Ra5 23.a4 Rh5 24.h3 Rhc5 25.f4 f6 26.g4 g5 27.f5 Bf7 28.Bd1 Ke8 29.Rh2
Kd7 30.h4 h6 31.hxg5 hxg5 32.Rh7 Bg8 33.Rh8 Bf7 34.Rh7 Bg8 35.Rh8 Bf7 36.Rh7 Bg8
37.Rg7 b5 38.cxb5 axb5 39.a5 Rc3+ 40.Rd3 b4 41.a6 Rxd3+ 42.Kxd3 Bxb3 43.Bxb3
Rc3+ 44.Kd4 Rxb3 45.Rg8 Ra3 46.Rb8 Rxa6 47.Rb7+ Ke8 48.Rxb4 Ra3 49.Kd5 Kf7
50.Rb8 Rd3+ 51.Kc4 Rg3 52.Rh8 Rxg4 53.Rh7+ Ke8 54.Kd5 Kd7 55.Rg7 Rg1 56.Kd4 Rd1+
57.Ke3 d5

[Event "IRT. X OPEN FERIA DE CALI Grup"]
[Site "Cali (Col) Unidad Panamericana"]
[Date "2008.12.28"]
[Round "5"]
[Board "1"]
[White "Castro, Oscar H"]
[Black "Rojas Barrero, Andres H"]
[Result "1/2-1/2"]
[WhiteElo "2395"]
[BlackElo "2255"]
[PlyCount "83"]
[EventDate "2008.12.26"]
[EventRounds "9"]
[EventCountry "COL"]

1.e4 e5 2.Nf3 Nc6 3.Bc4 Bc5 4.c3 Nf6 5.d3 d6 6.O-O O-O 7.Nbd2 Bb6 8.Bb3 Be6
9.Nc4 h6 10.a4 Qd7 11.Ba2 Rae8 12.b4 Bxc4 13.Bxc4 a6 14.a5 Ba7 15.b5 Nb8 16.Qb3
axb5 17.Qxb5 c6 18.Qa4 Na6 19.Bxa6 bxa6 20.Ba3 Rb8 21.Nd2 Rfe8 22.Rab1 d5
23.Rxb8 Rxb8 24.Nf3 Qe6 25.Bc1 dxe4 26.dxe4 Rb5 27.c4 Rc5 28.Qb3 Qxc4 29.Qb7
Qxc1 30.Qxa7 Qc4 31.h3 Rxa5 32.Qc7 Rc5 33.Rd1 Qxe4 34.Re1 Qf5 35.Nxe5 Ne4
36.Rxe4 Qxe4 37.Qxf7+ Kh7 38.Nd7 Rf5 39.Nf8+ Kh8 40.Ng6+ Kh7 41.Nf8+ Kh8 42.Ng6+

[Event "IRT. X OPEN FERIA DE CALI Grup"]
[Site "Cali (Col) Unidad Panamericana"]
[Date "2008.12.28"]
[Round "5"]
[Board "1"]
[White "Remicio Duque, John H"]
[Black "Iturrizaga, Eduardo"]
[Result "0-1"]
[WhiteElo "2216"]
[BlackElo "2538"]
[PlyCount "76"]
[EventDate "2008.12.26"]
[EventRounds "9"]
[EventCountry "COL"]

1.d4 Nf6 2.Nf3 g6 3.Bf4 Bg7 4.e3 O-O 5.h3 d6 6.Be2 Nfd7 7.O-O e5 8.Bh2 Nc6 9.c3
f5 10.dxe5 dxe5 11.Na3 Qe7 12.Nc4 Rd8 13.Qc2 b6 14.Rfd1 Bb7 15.Rd2 b5 16.Na3 a6
17.Rad1 Bf6 18.Nb1 Nb6 19.Qb3+ Kg7 20.Rxd8 Rxd8 21.Rxd8 Nxd8 22.Nbd2 c5 23.Qd1
e4 24.Ne1 Na4 25.Qc2 Nc6 26.Nb3 Ne5 27.Na5 Ba8 28.c4 Qd8 29.Nb3 Nxc4 30.Bxc4
bxc4 31.Qxc4 Qd1 32.Kf1 Nxb2 33.Qxa6 Nd3 34.Qa5 Bd5 35.Nxc5 Bc4 36.Ncxd3 exd3
37.Qc7+ Bf7 38.Qa5 d2

[Event "IRT. X OPEN FERIA DE CALI Grup"]
[Site "Cali (Col) Unidad Panamericana"]
[Date "2008.12.28"]
[Round "5"]
[Board "1"]
[White "Beltran, Carlos Armando"]
[Black "Sanchez Maya, Simon"]
[Result "1-0"]
[WhiteElo "2230"]
[BlackElo "2168"]
[PlyCount "89"]
[EventDate "2008.12.26"]
[EventRounds "9"]
[EventCountry "COL"]

1.Nf3 d5 2.c4 d4 3.d3 Nc6 4.g3 e5 5.Bg2 Bg4 6.O-O Qd7 7.a3 a5 8.Qa4 Bd6 9.b4 f6
10.e3 dxe3 11.Bxe3 Bh3 12.Bxh3 Qxh3 13.c5 Be7 14.d4 e4 15.Nfd2 h5 16.Re1 h4
17.Nf1 Kf8 18.b5 Nd8 19.Nc3 f5 20.Nd5 Ne6 21.Qc4 g5 22.Nxe7 f4 23.Qd5 Nxe7
24.Qxe4 Ng8 25.Qd5 Ke7 26.Qe4 Nf6 27.Qxb7 hxg3 28.fxg3 Kf7 29.d5 Ng7 30.Qxc7+
Kg6 31.Bd4 Raf8 32.Ra2 Nf5 33.Bxf6 Rxf6 34.Re6 Rhf8 35.Rf2 fxg3 36.Nxg3 Nh4
37.Rfxf6+ Rxf6 38.Rxf6+ Kxf6 39.Qd6+ Kf7 40.Qe6+ Qxe6 41.dxe6+ Kxe6 42.Ne4 Kd5
43.c6 Nf5 44.c7 Ne7 45.Nxg5

[Event "IRT. X OPEN FERIA DE CALI Grup"]
[Site "Cali (Col) Unidad Panamericana"]
[Date "2008.12.28"]
[Round "5"]
[Board "1"]
[White "Sanchez, Victor Hugo"]
[Black "Munoz, Jhon Edison"]
[Result "0-1"]
[WhiteElo "2170"]
[BlackElo "2186"]
[PlyCount "94"]
[EventDate "2008.12.26"]
[EventRounds "9"]
[EventCountry "COL"]

1.e4 c5 2.Nf3 d6 3.d4 Nf6 4.Nc3 cxd4 5.Nxd4 a6 6.Be3 Ng4 7.Bc1 Nf6 8.Be3 e5
9.Nb3 Be7 10.Qd2 Be6 11.O-O-O Nbd7 12.f4 Rc8 13.f5 Bc4 14.Kb1 b5 15.g4 Nxg4
16.Rg1 Nxe3 17.Qxe3 g6 18.Qh6 Bf8 19.Qh3 gxf5 20.Qxf5 Be6 21.Qh5 Nf6 22.Qf3 h5
23.Bh3 Bg4 24.Bxg4 hxg4 25.Qe2 Rc4 26.Nd5 Nxd5 27.Rxd5 Qh4 28.Nd2 Rc6 29.Nf1 Rg8
30.a4 bxa4 31.Ng3 Qd8 32.Nf5 a3 33.Rg3 axb2 34.Rb3 Rh8 35.Kxb2 Rh3 36.Ne3 Bh6
37.Nc4 Qc7 38.Qxg4 Rxc4 39.Qxh3 Rxc2+ 40.Ka1 Rc1+ 41.Rb1 Rxb1+ 42.Kxb1 Qc1+
43.Ka2 Qc2+ 44.Ka1 Bc1 45.Qh8+ Ke7 46.Qb8 Qa4+ 47.Kb1 Qxe4+

[Event "IRT. X OPEN FERIA DE CALI Grup"]
[Site "Cali (Col) Unidad Panamericana"]
[Date "2008.12.28"]
[Round "5"]
[Board "1"]
[White "Rios, Cristhian Camilo"]
[Black "Barrientos, Sergio E"]
[Result "0-1"]
[WhiteElo "2172"]
[BlackElo "2450"]
[PlyCount "88"]
[EventDate "2008.12.26"]
[EventRounds "9"]
[EventCountry "COL"]

1.d4 Nf6 2.c4 e6 3.Nc3 Bb4 4.f3 d5 5.a3 Bxc3+ 6.bxc3 c5 7.e3 Nc6 8.cxd5 Nxd5
9.Bd2 O-O 10.Bd3 f5 11.f4 b6 12.Nf3 Bb7 13.O-O Rc8 14.Qe1 Nf6 15.Qh4 Ne7 16.Ne5
Ne4 17.Be1 Nd5 18.Qxd8 Rfxd8 19.Bxe4 fxe4 20.Bd2 cxd4 21.cxd4 Rc2 22.Rf2 Rdc8
23.g4 Rb2 24.Rc1 Rb3 25.Rxc8+ Bxc8 26.Bc1 Rc3 27.Bd2 Rxa3 28.Rf1 Ra2 29.Rc1 Bb7
30.Be1 a5 31.Nc4 a4 32.Nd6 Ba6 33.Nxe4 a3 34.Nc3 Nxc3 35.Bxc3 Bb7 36.g5 Rg2+
37.Kf1 Rxh2 38.Ra1 a2 39.Ke1 Bf3 40.Kf1 Rc2 41.Bb4 h5 42.Be1 b5 43.g6 h4 44.Bf2
b4

[Event "IRT. X OPEN FERIA DE CALI Grup"]
[Site "Cali (Col) Unidad Panamericana"]
[Date "2008.12.28"]
[Round "5"]
[Board "1"]
[White "Parada, Norberto Andres"]
[Black "Vittorino, Carlo"]
[Result "0-1"]
[WhiteElo "2114"]
[BlackElo "2343"]
[PlyCount "62"]
[EventDate "2008.12.26"]
[EventRounds "9"]
[EventCountry "COL"]

1.d4 Nf6 2.Nf3 e6 3.c4 Bb4+ 4.Nbd2 b6 5.a3 Bxd2+ 6.Bxd2 Bb7 7.Bg5 d6 8.e3 Nbd7
9.Be2 h6 10.Bh4 Qe7 11.b4 g5 12.Bg3 Ne4 13.Qc2 h5 14.h4 g4 15.Nd2 Nxd2 16.Kxd2
Bxg2 17.Rhg1 Bb7 18.Rgc1 f5 19.c5 Be4 20.cxd6 cxd6 21.Qc7 e5 22.Bb5 Rd8 23.dxe5
dxe5 24.Qxe5 Qxe5 25.Bxe5 O-O 26.Bc7 Ne5+ 27.Bxd8 Rxd8+ 28.Ke2 Bf3+ 29.Kf1 Rd2
30.Rc7 g3 31.fxg3 Bg2+

[Event "IRT. X OPEN FERIA DE CALI Grup"]
[Site "Cali (Col) Unidad Panamericana"]
[Date "2008.12.28"]
[Round "5"]
[Board "1"]
[White "Alvarez, Javier"]
[Black "Bassan, Remo"]
[Result "1-0"]
[WhiteElo "2144"]
[BlackElo "2179"]
[PlyCount "165"]
[EventDate "2008.12.26"]
[EventRounds "9"]
[EventCountry "COL"]

1.e4 c5 2.Nf3 Nc6 3.Bb5 Nf6 4.e5 Ng4 5.Bxc6 dxc6 6.O-O Nh6 7.Re1 Nf5 8.Nc3 g6
9.d3 Bg7 10.Ne4 b6 11.Nf6+ exf6 12.exf6+ Kf8 13.fxg7+ Kxg7 14.Bf4 h6 15.Qd2 Nd4
16.Nxd4 cxd4 17.h4 c5 18.Re2 a5 19.Rae1 Ra7 20.Bg3 f6 21.Qf4 h5 22.a4 Bf5 23.b3
Rf8 24.f3 Raf7 25.Kf2 Qd7 26.Qd6 Qxd6 27.Bxd6 Rd8 28.Bf4 Rdd7 29.Re8 Rb7 30.Rb8
Rxb8 31.Bxb8 Rb7 32.Re8 Kf7 33.Rh8 Kg7 34.Rd8 b5 35.axb5 Rxb5 36.Ke2 a4 37.bxa4
Rb2 38.Bf4 Rxc2+ 39.Bd2 Ra2 40.Rd5 Rxa4 41.Rxc5 Ra3 42.Rc7+ Kg8 43.Bc1 Rxd3
44.g4 hxg4 45.fxg4 Be4 46.h5 gxh5 47.gxh5 Rh3 48.h6 Rh2+ 49.Ke1 d3 50.Rg7+ Kh8
51.Rf7 Re2+ 52.Kd1 Bd5 53.Rf8+ Kh7 54.Bd2 Rf2 55.Ke1 Re2+ 56.Kd1 Kg6 57.Rd8 Be4
58.Rg8+ Kf7 59.Rg7+ Ke6 60.Rg3 Rh2 61.Kc1 f5 62.Rg7 Kd5 63.Rd7+ Kc4 64.Bf4 Rc2+
65.Kd1 Bf3+ 66.Ke1 Re2+ 67.Kf1 Bd5 68.h7 Re8 69.Bd2 Kd4 70.Bg5 d2 71.Bxd2 f4
72.Bc1 Ke4 73.Re7+ Rxe7 74.h8=Q Kf3 75.Qh1+ Kg3 76.Qxd5 Re8 77.Qg5+ Kh3 78.Qh5+
Kg3 79.Bxf4+ Kxf4 80.Qxe8 Kg3 81.Qe4 Kh3 82.Kf2 Kh2 83.Qh4#

[Event "IRT. X OPEN FERIA DE CALI Grup"]
[Site "Cali (Col) Unidad Panamericana"]
[Date "2008.12.28"]
[Round "5"]
[Board "1"]
[White "Schneider-Zinner, Werner"]
[Black "Valle, Efrain"]
[Result "0-1"]
[WhiteElo "2043"]
[BlackElo "2173"]
[PlyCount "50"]
[EventDate "2008.12.26"]
[EventRounds "9"]
[EventCountry "COL"]

1.d4 Nc6 2.c4 e5 3.d5 Nce7 4.Nc3 Ng6 5.Nf3 Nf6 6.e3 Bb4 7.Bd2 O-O 8.a3 Be7 9.b4
d6 10.Be2 Ne8 11.Qb3 f5 12.c5 Kh8 13.Qc4 e4 14.Nd4 Ne5 15.Qb5 a6 16.Qa5 Bd7
17.Ne6 Bxe6 18.dxe6 c6 19.cxd6 Qxd6 20.Rd1 Qxe6 21.O-O Nd6 22.Na4 Ndc4 23.Bxc4
Nxc4 24.Qc7 Bd6 25.Qxb7 Rfb8

[Event "IRT. X OPEN FERIA DE CALI Grup"]
[Site "Cali (Col) Unidad Panamericana"]
[Date "2008.12.28"]
[Round "5"]
[Board "1"]
[White "Torres, Juan Camilo"]
[Black "Pazos Gambarrotti, Plinio"]
[Result "0-1"]
[WhiteElo "2103"]
[BlackElo "2327"]
[PlyCount "106"]
[EventDate "2008.12.26"]
[EventRounds "9"]
[EventCountry "COL"]

1.d4 Nf6 2.Nf3 e6 3.e3 c5 4.Bd3 Nc6 5.O-O d5 6.b3 Bd6 7.Bb2 Qc7 8.c4 dxc4 9.Bxc4
cxd4 10.exd4 O-O 11.Qe2 a6 12.Nbd2 b5 13.Bd3 Nb4 14.Rac1 Qa5 15.Bc3 Nfd5 16.Ng5
g6 17.Be4 Nxc3 18.Rxc3 Nd5 19.Rh3 Nf4 20.Qe3 Nxh3+ 21.Qxh3 h5 22.Bxa8 Qxd2
23.Ne4 Qxd4 24.Qf3 Be7 25.Rd1 Qb2 26.Rd2 Qa1+ 27.Qd1 Qxd1+ 28.Rxd1 e5 29.Bc6 Be6
30.Kf1 Rc8 31.Bb7 Rb8 32.Bc6 f5 33.Bd7 Bf7 34.Nd6 Bxd6 35.Rxd6 Rd8 36.Rd3 e4
37.Rd2 Kf8 38.Ke2 Ke7 39.Bc6 Rxd2+ 40.Kxd2 Kd6 41.Bb7 a5 42.h4 Ke5 43.g3 f4
44.Bc6 b4 45.Bd7 fxg3 46.fxg3 Kd4 47.g4 e3+ 48.Ke2 hxg4 49.Bxg4 a4 50.bxa4 Bxa2
51.h5 Bc4+ 52.Ke1 gxh5 53.Bxh5 b3

[Event "IRT. X OPEN FERIA DE CALI Grup"]
[Site "Cali (Col) Unidad Panamericana"]
[Date "2008.12.28"]
[Round "5"]
[Board "1"]
[White "Diaz, Cristian Camilo"]
[Black "Arenas, David"]
[Result "0-1"]
[WhiteElo "2048"]
[BlackElo "2323"]
[PlyCount "58"]
[EventDate "2008.12.26"]
[EventRounds "9"]
[EventCountry "COL"]

1.e4 c5 2.Nf3 d6 3.d4 cxd4 4.Nxd4 Nf6 5.Nc3 g6 6.Be3 Bg7 7.f3 O-O 8.Qd2 Nc6
9.O-O-O d5 10.exd5 Nxd5 11.Nxc6 bxc6 12.Bd4 Nxc3 13.Qxc3 Bh6+ 14.Kb1 e5 15.Qxc6
Rb8 16.Qa4 a5 17.h4 exd4 18.h5 Bg7 19.Bd3 Rb4 20.Qa3 Qb6 21.hxg6 hxg6 22.g4 Be6
23.Ka1 Rb8 24.Rb1 Qc6 25.Be4 Qc4 26.Bd3 Qxa2+ 27.Qxa2 Bxa2 28.Rbe1 Be6 29.Rb1
Ra4#

[Event "IRT. X OPEN FERIA DE CALI Grup"]
[Site "Cali (Col) Unidad Panamericana"]
[Date "2008.12.28"]
[Round "5"]
[Board "1"]
[White "Vargas, Mauricio"]
[Black "Polo, Victor Ramon"]
[Result "0-1"]
[WhiteElo "1965"]
[BlackElo "2216"]
[PlyCount "68"]
[EventDate "2008.12.26"]
[EventRounds "9"]
[EventCountry "COL"]

1.e4 c5 2.Nf3 g6 3.d4 cxd4 4.Nxd4 Bg7 5.Be3 Nc6 6.Nc3 Nf6 7.Be2 O-O 8.O-O d5
9.exd5 Nxd5 10.Nxd5 Qxd5 11.Bf3 Qa5 12.Nxc6 bxc6 13.c3 Rb8 14.Qc1 c5 15.Rd1 Be6
16.Bd5 Bf5 17.h3 h5 18.a3 Qc7 19.Bc4 Rfd8 20.Rxd8+ Rxd8 21.Qe1 Bd3 22.Bxd3 Rxd3
23.Rd1 c4 24.Qe2 Qd7 25.Rd2 e5 26.Qd1 f5 27.f3 a6 28.Kf1 Qd5 29.Ke2 e4 30.fxe4
fxe4 31.Qe1 Kh7 32.Kf2 Bf8 33.Ke2 Bh6 34.Bxh6 Kxh6

[Event "IRT. X OPEN FERIA DE CALI Grup"]
[Site "Cali (Col) Unidad Panamericana"]
[Date "2008.12.28"]
[Round "5"]
[Board "1"]
[White "Narvaez, Zamir"]
[Black "Saavedra, Victor"]
[Result "0-1"]
[WhiteElo "2111"]
[BlackElo "2212"]
[PlyCount "52"]
[EventDate "2008.12.26"]
[EventRounds "9"]
[EventCountry "COL"]

1.d4 e6 2.c4 d5 3.g3 Nf6 4.Bg2 Be7 5.Nf3 O-O 6.O-O c6 7.Qc2 b6 8.Bf4 Bb7 9.Nbd2
Nbd7 10.Rfd1 Rc8 11.e4 c5 12.exd5 exd5 13.Qa4 cxd4 14.Qxa7 Nc5 15.Qa3 Ra8 16.Qb4
Ra4 17.Qb5 dxc4 18.Nf1 Qa8 19.Nh4 Bxg2 20.Nxg2 Nd5 21.a3 Ne3 22.Be5 Rc8 23.Rxd4
Nd3 24.Nfxe3 Rc5 25.Qd7 Ra7 26.Rd5 Rxd5